Alle Millionenstädte Europas - Statistiken

Allgemein
  • Dieses Quiz wurde 71 mal gespielt
  • Das Durchschnittsergebnis liegt bei 64 aus 99
Antwortstatistiken
Land Einwohner Stadt % Korrekt
ESP 5.246.000 Barcelona
100%
DEU 4.377.000 Berlin
100%
TUR 15.462.000 Istanbul
100%
DEU 3.120.000 Köln-Bonn
100%
GBR 14.976.000 London
100%
ESP 6.782.000 Madrid
100%
ITA 5.138.000 Mailand
100%
RUS 21.970.000 Moskau
100%
FRA 11.764.000 Paris
100%
ITA 4.321.000 Rom
100%
DEU 2.240.000 München
98%
NLD 2.486.000 Amsterdam
97%
DEU 2.574.000 Hamburg
97%
POL 3.269.000 Warschau
97%
GRC 3.154.000 Athen
95%
UKR 3.642.000 Kiew
95%
DEU 5.108.000 Ruhrgebiet (Duisburg-Essen-Dortmund)
95%
RUS 6.512.000 St. Petersburg
95%
NLD 3.742.000 Rotterdam-Den Haag
94%
SWE 2.431.000 Stockholm
94%
DEU 3.230.000 Frankfurt am Main
92%
HUN 2.985.000 Budapest
90%
ROU 2.315.000 Bukarest
90%
FRA 1.939.000 Marseille
90%
AUT 2.622.000 Wien
90%
GBR 3.185.000 Birmingham
89%
PRT 2.995.000 Lissabon
89%
DEU 2.372.000 Stuttgart
89%
BEL 2.146.000 Brüssel
87%
GBR 2.812.000 Manchester
87%
ITA 3.014.000 Neapel
87%
NOR 1.587.000 Oslo
86%
DEU 1.082.000 Dresden
84%
IRL 1.498.000 Dublin
83%
FIN 1.579.000 Helsinki
83%
DEU 1.136.000 Leipzig-Halle
83%
GBR 1.610.000 Liverpool
83%
CZE 1.366.000 Prag
83%
PRT 1.737.000 Porto
79%
POL 1.472.000 Krakau
78%
FRA 2.383.000 Lyon
78%
ITA 1.783.000 Turin
78%
ESP 1.635.000 Valencia
76%
DEU 1.142.000 Bremen
75%
GBR 1.720.000 Glasgow
75%
DEU 1.087.000 Nürnberg
75%
BGR 1.338.000 Sofia
75%
DEU 1.420.000 Düsseldorf
73%
DEU 1.312.000 Hannover
73%
DNK 1.375.000 Kopenhagen
73%
BLR 2.034.000 Minsk
73%
ESP 1.525.000 Sevilla
71%
POL 1.176.000 Danzig
70%
SRB 1.705.000 Belgrad
68%
LVA 1.068.000 Riga
67%
FRA 1.244.000 Bordeaux
63%
HRV 1.120.000 Zagreb
63%
BEL 1.263.000 Antwerpen
62%
CHE 1.624.000 Zürich
62%
GBR 1.202.000 Leeds
59%
ITA 1.054.000 Venedig
59%
ITA 1.194.000 Palermo
57%
ITA 1.016.000 Florenz
54%
UKR 1.262.000 Odessa
54%
SWE 1.088.000 Göteborg
52%
FRA 1.108.000 Toulouse
52%
FRA 1.004.000 Nizza
49%
UKR 1.348.000 Donezk
48%
ITA 1.018.000 Bologna
44%
POL 1.160.000 Łódź
43%
ESP 1.036.000 Bilbao
41%
FRA 1.181.000 Lille
41%
ESP 1.102.000 Málaga
41%
UKR 1.548.000 Charkiw
40%
RUS 1.530.000 Wolgograd
38%
CHE 1.041.000 Genf
37%
DEU 1.482.000 Mannheim
37%
GBR 1.067.000 Newcastle upon Tyne
37%
GBR 1.486.000 Nottingham-Derby
37%
RUS 1.865.000 Kasan
35%
GBR 1.089.000 Sheffield
35%
POL 3.084.000 Kattowitz
33%
UKR 1.157.000 Lwiw
33%
NLD 1.415.000 Utrecht
33%
GBR 1.183.000 Bristol
32%
RUS 2.087.000 Nischni Nowgorod
32%
RUS 2.163.000 Rostow am Don
32%
ITA 1.172.000 Bari
30%
RUS 2.272.000 Jekaterinburg
27%
UKR 1.520.000 Dnipro
25%
RUS 1.563.000 Ufa
25%
RUS 1.370.000 Perm
24%
ITA 1.047.000 Catania
22%
RUS 1.712.000 Krasnodar
16%
RUS 1.050.000 Woronesch
16%
RUS 1.718.000 Samara
13%
CZE 1.045.000 Ostrava
11%
RUS 1.230.000 Saratow
8%
RUS 1.020.000 Toljatti
6%
Keine übereinstimmenden Quizze gefunden
Verteilung der Resultate
Anzahl Personen mit jedem Resultat
Perzentil nach korrekt beantworteten Fragen
Ihre Resultats-Entwicklung
Sie haben dieses Quiz noch nicht gespielt